Statistics for Which 10 countries exports the most phones?

Click here to take the quiz!

General Stats

  • This quiz has been taken 45 times
    (40 since last reset)
  • The average score is 6 of 10

Answer Stats

HintAnswer% Correct
50.9% of total exportsChina
100%
3.9% of total exportsUnited states
100%
1.7% of total exportsSouth Korea
89%
1.2 of total exports
India
84%
2.4% of total exportsGermany
81%
14.2% of total exportsVietnam
65%
1.6% of total exportsSingapore
24%
1.4% of total exportsAustria
14%
2.6% of total exportsCzech Republic
11%
1.5% of total exportsSlovakia
11%

Score Distribution

Percentile by Number Answered

Percent of People with Each Score

Your Score History

You have not taken this quiz since the last reset